Central Library OPAC University of Rajshahi

الإتقان في علوم القرآن ;; al-Itqān fī ʿulūm al-Qurʼān / (Record no. 79048)

MARC details
000 -LEADER
fixed length control field 01124nam a2200265 a 4500
001 - CONTROL NUMBER
control field 79048
003 - CONTROL NUMBER IDENTIFIER
rucl marc code BD-RjUL
005 - DATE AND TIME OF LATEST TRANSACTION
control field 20211221160446.0
008 - FIXED-LENGTH DATA ELEMENTS--GENERAL INFORMATION
fixed length control field 211221s19821402pk 00010 urd d
035 ## - SYSTEM CONTROL NUMBER
System control number (BD-RjUL)79048
040 ## - CATALOGING SOURCE
Original cataloging agency BD-RjUL
Transcribing agency BD-RjUL
Language of cataloging eng
Modifying agency BD-RjUL
041 ## - LANGUAGE CODE
Language code of text/sound track or separate title urd
066 ## - CHARACTER SETS PRESENT
Alternate G0 or G1 character set (3
082 ## - DEWEY DECIMAL CLASSIFICATION NUMBER
Edition number 23
Classification number 297.265
Author mark and year SUI 1982
100 0# - MAIN ENTRY--PERSONAL NAME
Personal name سيوطي جلال الدين عبد الرحمن .;; Suyūṭī, Jalaluddin Abdul Rahman
Dates associated with a name 1445-1505.
9 (RLIN) 245556
245 13 - TITLE STATEMENT
Title الإتقان في علوم القرآن ;; al-Itqān fī ʿulūm al-Qurʼān /
Statement of responsibility, etc. جلال الدين عبد الرحمن السيوطي ; محمد حليم صاحب انصري مترجم ;; Jalāl al-Dīn ʿAbd al-Raḥmān al-Suyūṭī ; tajuma Muhammad Halim Saheb Ansary
260 ## - PUBLICATION, DISTRIBUTION, ETC. (IMPRINT)
Place of publication, distribution, etc. لاهور ;; Lahore :
Name of publisher, distributor, etc. ادارہ اسلامیات ;; ,Institution of Islamic Studies ,
Date of publication, distribution, etc. 1982
300 ## - PHYSICAL DESCRIPTION
Pagination v. ;
Size 23 cm.
Size ٢٥ سم
505 ## - FORMATTED CONTENTS NOTE
Formatted contents note Vol.2.--
650 ## - SUBJECT ADDED ENTRY--TOPICAL TERM
Topical term or geographic name as entry element قران
Form subdivision سائنس
9 (RLIN) 243649
Topical term or geographic name as entry element Quran
Form subdivision Science
9 (RLIN) 246548
700 ## - ADDED ENTRY--PERSONAL NAME
Personal name Ansary, Muhammad Halim Saheb ;mutajim
942 ## - ADDED ENTRY ELEMENTS (KOHA)
Source of classification or shelving scheme Dewey Decimal Classification
Koha item type Books
Holdings
Lost status Source of classification or shelving scheme Damaged status Not for loan Collection code Permanent Location Current Location Shelving location Date acquired Source of acquisition Cost, normal purchase price Total Checkouts Full call number Date last seen Copy number Koha item type
  Dewey Decimal Classification   Not For Loan Non-fiction Central Library, University of Rajshahi Central Library, University of Rajshahi Reading Room 16/06/1996 Sawdia kutub Khanah, Dhaka 210.00   U 297.265 SUI 1982 21/12/2021 C-1 Books